| 000 | 00343nam a2200133Ia 4500 | ||
|---|---|---|---|
| 008 | 240624s9999 xx 000 0 und d | ||
| 041 | _aeng | ||
| 082 | _a658.8 BRO | ||
| 100 | _aBROWN MARY | ||
| 245 | _aBOOM MARKETING TO THE ULTIMATE POWER CON | ||
| 260 |
_c2006 _aNew York _bAMACOM |
||
| 300 | _axviii, : 238 : p. : cm. ; 23 | ||
| 365 |
_c _b28 |
||
| 999 |
_c22002 _d22002 |
||